000 00437nam a2200157 4500
001 110397
003 ES-MaACL
005 20230906185037.0
007 t|
008 061121s1968 sp r ||||1| spa d
100 1 _aOrdóñez Ancin, Jesús.
_987195
245 1 0 _aIntenta vencer la tartamudez /
_cJesús Ordóñez Ancin.
260 _aMadrid :
_bStudium,
_c1968.
300 _a192 p. ;
_c18 cm.
852 _aES-MaACL
_jC-52269
_bR.68185
999 _c110397
_d110397